| 000 | 01470cam a22004094i 4500 | ||
|---|---|---|---|
| 003 | PE-LiUPU | ||
| 005 | 20250731173331.0 | ||
| 008 | 150625s2004 sp r 000 0 eng d | ||
| 020 | _a0631232155 | ||
| 035 | _a(Sirsi) i9780631232155 | ||
| 040 |
_aPE-LiUPU _bspa _cPE-LiUPU _erda |
||
| 049 | _aPRUA | ||
| 082 | 0 | 4 |
_a228 _bK88r _223 |
| 100 | 1 |
_aKovacs, Judith, _eautor. |
|
| 245 | 1 | 0 |
_aRevelation : _bthe apocalypse of Jesus Christ / _cJudith Kovacs and Christopher Rowland. |
| 264 | 1 |
_aMalden, Madrid : _bBlackwell Publishing, _c2004. |
|
| 300 |
_a315 páginas ; _c23 centímetros. |
||
| 336 |
_atext _2rdacontent |
||
| 337 |
_aunmediated _2rdamedia |
||
| 338 |
_avolume _2rdacarrier |
||
| 505 | 0 | _aThe apocalypse in history: the place of the book of the book of revelation in christian theology and lufe -- The apocallypse in the context of the apocalypse: a Summary -- Point of view -- Distinctive emphases of this comentary -- The reception of the apocalypse: Survey of important interpretations and of artistic representations -- Revelation 1 al 22. | |
| 526 | _aSEG42 | ||
| 526 | _aSEG41 | ||
| 526 | _aSEG40 | ||
| 526 | _aSEG39 | ||
| 526 | _aP94 | ||
| 526 | _aP87 | ||
| 526 | _aP86 | ||
| 526 | _aP85 | ||
| 526 | _aP77 | ||
| 526 | _aP76 | ||
| 526 | _aP35 | ||
| 630 | 1 | 4 |
_aBiblia. _pApocalipsis _xComentarios. |
| 942 |
_2ddc _cBK |
||
| 980 |
_81 _gALBERTO SANCHEZ Responsable de Automatización |
||
| 999 |
_c48074 _d48074 |
||